00975cam a2200349 4500003000900000005001700009008004100026020001500067035002700082035001800109035001800127041000700145044000700152082001600159100003600175245009100211264005500302300003800357505009600395526001000491526001000501526001000511526001000521526000800531526000800539526000800547526000800555526000800563526000800571526000800579630003800587PE-LiUPU20250731173022.0 1998 miu  a0802809499 a(Sirsi) i9780802809490 a(Sirsi) 24311 a(Sirsi) 24311 aes aus04a226.6bB85H1 aBruce, Frederick Fyvie,eautor. aHechos de los apostole :bintroducción, comentario y notas /cFrederick Fyvie Bruce. 1aGrand Rapids, Michigan :bNueva Creación,c1998. a596 páginas ;c23 centímetros0 aTexto, exposición y notas -- Hechos de los apostoles: introducción, comentario y notas. aSEG42 aSEG41 aSEG40 aSEG39 aP94 aP87 aP86 aP85 aP77 aP76 aP35 aBibliapN.T.pHechosxComentarios